The Foreign Aid Programs of the Soviet Bloc and Communist China/ (Record no. 13350)
[ view plain ]
| 000 -LEADER | |
|---|---|
| fixed length control field | 01197cam a22002891 4500 |
| 001 - CONTROL NUMBER | |
| control field | 2642120 |
| 005 - DATE AND TIME OF LATEST TRANSACTION | |
| control field | 20060214185032.0 |
| 008 - FIXED-LENGTH DATA ELEMENTS--GENERAL INFORMATION | |
| fixed length control field | 731212s1967 nyua |rb 000 0 eng |
| 010 ## - LIBRARY OF CONGRESS CONTROL NUMBER | |
| LC control number | 66017297 |
| 040 ## - CATALOGING SOURCE | |
| Original cataloging agency | DLC |
| Transcribing agency | DLC |
| Modifying agency | DLC |
| 041 1# - LANGUAGE CODE | |
| Language code of text/sound track or separate title | engger |
| 043 ## - GEOGRAPHIC AREA CODE | |
| Geographic area code | ee----- |
| -- | d------ |
| 050 00 - LIBRARY OF CONGRESS CALL NUMBER | |
| Classification number | HF1411 |
| Item number | .M813 |
| 082 00 - DEWEY DECIMAL CLASSIFICATION NUMBER | |
| Classification number | 337.091717 |
| Edition number | 22 |
| Item number | MUL |
| 100 1# - MAIN ENTRY--PERSONAL NAME | |
| Personal name | Muller, Kurt, |
| Dates associated with a name | 1903- |
| 9 (RLIN) | 11219 |
| 240 10 - UNIFORM TITLE | |
| Uniform title | <a href="Uber Kalkutta nach Paris?">Uber Kalkutta nach Paris?</a> |
| Language of a work | English |
| 245 14 - TITLE STATEMENT | |
| Title | The Foreign Aid Programs of the Soviet Bloc and Communist China/ |
| Statement of responsibility, etc | Kurt Muller; Translated by Richard H. Weber and Michael Roloff. |
| 260 ## - PUBLICATION, DISTRIBUTION, ETC. (IMPRINT) | |
| Place of publication, distribution, etc | New York: |
| Name of publisher, distributor, etc | Walker, 1967 |
| Date of publication, distribution, etc | 1967 |
| 300 ## - PHYSICAL DESCRIPTION | |
| Extent | xiii, 331 p.: |
| Other physical details | ill. ; |
| Dimensions | 24 cm. |
| 500 ## - GENERAL NOTE | |
| General note | First published in Germany as Uber Kalkutta nach Paris? |
| 504 ## - BIBLIOGRAPHY, ETC. NOTE | |
| Bibliography, etc | Bibliographical footnotes. |
| 650 #0 - SUBJECT ADDED ENTRY--TOPICAL TERM | |
| Topical term or geographic name as entry element | Technical assistance, Communist. |
| 9 (RLIN) | 11220 |
| 651 #0 - SUBJECT ADDED ENTRY--GEOGRAPHIC NAME | |
| Geographic name | Communist countries |
| General subdivision | Foreign economic relations |
| Geographic subdivision | Developing countries. |
| 9 (RLIN) | 11221 |
| 651 #0 - SUBJECT ADDED ENTRY--GEOGRAPHIC NAME | |
| Geographic name | Developing countries |
| General subdivision | Foreign economic relations |
| Geographic subdivision | Communist countries. |
| 9 (RLIN) | 11222 |
| 942 ## - ADDED ENTRY ELEMENTS (KOHA) | |
| Source of classification or shelving scheme | Dewey Decimal Classification |
| Item type | Book - Borrowing |
| Withdrawn status | Item status | Source of classification or shelving scheme | Damaged status | Not for loan | Vendor | Home library | Current library | Shelving location | Date acquired | Source of acquisition | Total Checkouts | Full call number | Barcode | Date last seen | Koha item type |
|---|---|---|---|---|---|---|---|---|---|---|---|---|---|---|---|
| Dewey Decimal Classification | Central Library | Central Library | First floor | 10/02/2010 | Donation | 337.091717 MUL | 000019098 | 15/07/2025 | Book - Borrowing |